000 00453nam a2200169Ia 4500
003 GCL
008 140319s9999 xx 000 0 eng d
040 _aGCL /
_cGCL
082 0 4 _a621.310.42
_bF E
100 1 _aFITZGERALD, A. E.
245 1 0 _aELECTRIC MACHINERY /
_cFITZGERALD, A. E.
260 _a[S.N] :
_bMC GRAW - HILL ،
_c1990
300 _a599 P
650 0 4 _aالتحليل الرياضى
650 0 4 _aELECTRIC MACHINERY
942 _2ddc
_cBK
999 _c19781
_d19781